Материалы для агитаторов. № 6: О международном положении (Запись № 13608026)

Подробности
000 -МАРКЕР
контрольное поле 01190nam2a2200241 4500
001 - ИДЕНТИФИКАТОР ЗАПИСИ
контрольное поле rc\2973088
005 - ИДЕНТИФИКАТОР ВЕРСИИ
контрольное поле 20260315061737.0
035 ## - ДРУГИЕ СИСТЕМНЫЕ НОМЕРА
Идентификатор записи (NLR Aleph) 007119030
100 ## - ДАННЫЕ ОБЩЕЙ ОБРАБОТКИ
Данные общей обработки 20110908d1938 u y0rusy50 ca
101 0# - ЯЗЫК РЕСУРСА
Язык текста, звукозаписи и т.д. русский
102 ## - СТРАНА ПУБЛИКАЦИИ ИЛИ ПРОИЗВОДСТВА
Страна публикации российская федерация
105 ## - ПОЛЕ КОДИРОВАННЫХ ДАННЫХ: ТЕКСТОВЫЕ МАТЕРИАЛЫ, МОНОГРАФИЧЕСКИЕ
Кодированные данные о монографическом текстовом документе y z |||||
200 1# - ЗАГЛАВИЕ И СВЕДЕНИЯ ОБ ОТВЕТСТВЕННОСТИ
Основное заглавие О международном положении
Сведения, относящиеся к заглавию Октябрь 1938 г.
Первые сведения об ответственности Сб. сост. З. Шейнис
210 ## - ПУБЛИКАЦИЯ, РАСПРОСТРАНЕНИЕ И ДР.
Место издания, распространения и т.д. Сталинабад
Имя издателя, распространителя и т. д. Госиздат Таджикистана, отд. поли. лит.
Дата издания, распространения и т.д. 1938
215 ## - ФИЗИЧЕСКАЯ ХАРАКТЕРИСТИКА
Специфическое обозначение материала и объем 53, [3] с.
461 #0 - УРОВЕНЬ НАБОРА
Встроенное поле 001rc\2973082
-- 2001#$aМатериалы для агитаторов$e№ 1 -$fОтд. парт. пропаганды и агитации ЦК КП(б) Таджикистана$v№ 6
Системный номер (АБИС) связанной записи 6843922
Автор КП(б) Таджикистана. ЦК
Место публикации Сталинабад
Дата публикации 1938
Первые сведения об ответственности Отд. парт. пропаганды и агитации ЦК КП(б) Таджикистана
Имя издателя, распространителя и т.д. Таджикпартиздат
Сведения, относящиеся к заглавию № 1 -
Заглавие Материалы для агитаторов
Номер тома № 6
702 #1 - ИМЯ ЛИЦА - ВТОРИЧНАЯ ОТВЕТСТВЕННОСТЬ
Начальный элемент ввода Шейнис
Часть имени, кроме начального элемента ввода З.
Код отношения Составитель
801 #0 - ИСТОЧНИК ЗАПИСИ
Страна российская федерация
Организация NLR
Правила каталогизации psbo
801 #1 - ИСТОЧНИК ЗАПИСИ
Страна российская федерация
Организация ELAR
Источник данных rusmarc
852 ## - МЕСТОНАХОЖДЕНИЕ И ШИФР ХРАНЕНИЯ
Идентификатор организации NLR
Шифр хранения (Call Number) 38-17/115
942 ## - ДОПОЛНИТЕЛЬНЫЕ ЭЛЕМЕНТЫ ЗАПИСИ (АБИС)
Тип экземпляра АБИС Неопределено
980 ## - КОЛЛЕКЦИЯ
Название коллекции Национальная библиография

Нет доступных экземпляров.